Manual de Dinámica de grupos

Saved in:
Bibliographic Details
Main Authors: Gibb, Jack R (Author), Gibb, Lorraine M (Author), Platts, Grace N (Author)
Format: Book
Language:Spanish
Published: Buenos Aires Lumen-Hvmanitas 1996
Edition:16a. ed
Subjects:
Tags: Add Tag
No Tags, Be the first to tag this record!

MARC

LEADER 00000nam a2200000 a 4500
001 UCH5489
003 CL-VaPUC
008 091014e19960000AG |||||||||||||||||spa|d
020 |a 9505821654 
082 0 4 |a 302.14  |b GIB  |2 21 
100 |a Gibb, Jack R  |e author  |9 560637 
700 0 |a Gibb, Lorraine M  |e author  |9 541766 
700 0 |a Platts, Grace N  |e author  |9 541767 
245 1 0 |a Manual de Dinámica de grupos 
250 |a 16a. ed 
300 |a 203 p 
942 |c BK 
945 |d 20091014 00:00:00  |a ccalabra 
260 |a Buenos Aires  |b Lumen-Hvmanitas  |c 1996 
650 0 |a Educación  |9 258661 
650 0 |a Relaciones interpersonales  |9 307056 
650 0 |a Comunicación social  |9 334226 
650 0 |a Participación social  |9 256140 
650 0 |a Grupos sociales  |9 268887 
650 7 |a DINAMICAS  |2 CL-VaPUC  |9 541768 
583 |a last modification  |c 20091014 00:00:00  |k Rodrigo Vera 
999 |c 336621  |d 336619